| 000 | 00573nam a2200181Ia 4500 | ||
|---|---|---|---|
| 999 |
_c7028 _d7028 |
||
| 020 | _a9780199279791 | ||
| 082 | _a306.6 OXF- | ||
| 245 | 0 | _aOxford handbook of the sociology of religion | |
| 260 |
_aOxford _bOxford University Press _c2009 |
||
| 300 | _axvi, 1046 | ||
| 504 | _aincludes index | ||
| 650 |
_aSociology _vHandbooks, mannuals,etc. |
||
| 650 |
_aReligion and sociology _vHandbooks, mannuals,etc. |
||
| 650 |
_aReligion and State _vHandbooks, mannuals,etc. |
||
| 650 |
_aReligion and State _vHandbooks, mannuals,etc. |
||
| 700 | _aClarke, Peter B. | ||
| 942 | _cBK | ||